[Event "Riadh Rapid op"]
[Site "Riadh"]
[Date "2023.03.17"]
[Round "5"]
[White "Algabri, Asma"]
[Black "Al Habeeb, Emad"]
[Result "0-1"]
[WhiteElo "1583"]
[BlackElo "1854"]
[PlyCount "56"]
[EventDate "2023.03.17"]
[EventType "swiss (rapid)"]
[EventRounds "9"]
[EventCountry "SAU"]
[SourceTitle "CBM 213 Extra"]
[Source "ChessBase"]
[SourceDate "2023.05.31"]
[SourceVersion "1"]
[SourceVersionDate "2023.05.31"]
[SourceQuality "1"]

1. c4 d6 2. e4 Nf6 3. d3 e5 4. g3 Be7 5. Bg2 0-0 6. h3 c6 7. Ne2 Bd7 8. 0-0 Na6 9. Be3 Qc7 10. Nbc3 Rad8 11. Rc1 Be6 12. a3 Qc8 13. Kh2 b6 14. b4 Nc7 15. Bg5 Ng4+ 16. hxg4 Bxg5 17. f4 exf4 18. gxf4 Bf6 19. f5 Bd7 20. Rf3 c5 21. Rh3 Bc6 22. Ng3 Qd7 23. Qd2 h6 24. Rxh6 gxh6 25. Qxh6 Bg7 26. Qh5 f6 27. Rh1 Qe8 28. Qh3 Qe5 0-1

[Event "Olympiad-43"]
[Site "Batumi"]
[Date "2018.10.04"]
[Round "10.3"]
[White "Harper, Ryan"]
[Black "Al Habeeb, Emad"]
[Result "1-0"]
[WhiteElo "2226"]
[BlackElo "1910"]
[PlyCount "143"]
[EventDate "2018.09.24"]
[EventType "team-swiss"]
[EventRounds "11"]
[EventCountry "GEO"]
[SourceTitle "CBM 187"]
[Source "ChessBase"]
[SourceDate "2018.12.11"]
[SourceVersion "1"]
[SourceVersionDate "2018.12.11"]
[SourceQuality "1"]
[WhiteTeam "Trinidad and Tobago"]
[BlackTeam "Saudi Arabia"]
[WhiteTeamCountry "TRI"]
[BlackTeamCountry "SAU"]

1. e4 d6 2. d4 Nf6 3. Nc3 e5 4. Nf3 Nbd7 5. Bc4 Be7 6. 0-0 0-0 7. Re1 c6 8. a4 a5 9. h3 exd4 10. Nxd4 Nc5 11. Qf3 Be6 12. Ba2 Qb6 13. Bg5 Rad8 14. Nf5 Bxf5 15. exf5 Rfe8 16. Re2 h6 17. Bh4 d5 18. Rae1 Kf8 19. Qg3 Nce4 20. Nxe4 Nxe4 21. Bxe7+ Rxe7 22. Qf4 Red7 23. c3 Qc7 24. Qe3 Qd6 25. Bb1 Nf6 26. Qb6 Qc7 27. Qc5+ Kg8 28. Bd3 b6 29. Qe3 d4 30. cxd4 Rxd4 31. Bc2 Qd6 32. Qc3 c5 33. Bb3 Nd5 34. Qf3 c4 35. Bc2 Nb4 36. Re8+ Kh7 37. Rxd8 Qxd8 38. Be4 Qf6 39. Re2 Nd3 40. Qe3 Nc5 41. Bc2 Nd3 42. Rd2 Nf4 43. Rxd4 Qxd4 44. f6+ g6 45. Qe7 Qd5 46. Be4 Qe6 47. Kf1 Nd5 48. Qxe6 fxe6 49. Bxd5 exd5 50. Ke2 d4 51. Kf3 Kg8 52. Ke4 d3 53. Ke3 Kf7 54. b3 cxb3 55. Kxd3 b2 56. Kc2 b1Q+ 57. Kxb1 Kxf6 58. Kc2 Ke5 59. Kd3 Kd5 60. f4 Kc5 61. g4 Kd5 62. f5 gxf5 63. gxf5 Ke5 64. Kc4 Kxf5 65. Kb5 h5 66. Kxb6 h4 67. Kxa5 Kf4 68. Kb5 Kg3 69. a5 Kxh3 70. a6 Kg3 71. a7 h3 72. a8Q 1-0

[Event "Wch Blitz"]
[Site "Riadh"]
[Date "2017.12.29"]
[Round "6"]
[White "Al Habeeb, Emad"]
[Black "Haddouche, Mohamed Amine"]
[Result "0-1"]
[WhiteElo "1933"]
[BlackElo "2505"]
[PlyCount "62"]
[EventDate "2017.12.29"]
[EventType "swiss (blitz)"]
[EventRounds "21"]
[EventCountry "SAU"]
[SourceTitle "CBM 182 Extra"]
[Source "ChessBase"]
[SourceDate "2018.02.23"]
[SourceVersion "1"]
[SourceVersionDate "2018.02.23"]
[SourceQuality "1"]

1. Nf3 Nf6 2. d4 g6 3. g3 Bg7 4. Bg2 0-0 5. 0-0 d6 6. c4 Nbd7 7. Nc3 e5 8. d5 a5 9. Bg5 h6 10. Bd2 Nc5 11. Qc2 Bf5 12. Qd1 Qd7 13. Re1 Bh3 14. Bh1 Nfe4 15. Qc2 Nxd2 16. Nxd2 f5 17. e3 g5 18. Nb5 f4 19. Nb3 Bf5 20. e4 Bg4 21. f3 Bh3 22. Nxc5 dxc5 23. Rad1 h5 24. Qf2 Rf6 25. Qxc5 Rc8 26. b3 g4 27. d6 c6 28. Nc7 Rcf8 29. Qxe5 fxg3 30. Qxg3 gxf3 31. e5 f2+ 0-1

[Event "Wch Blitz"]
[Site "Riadh"]
[Date "2017.12.29"]
[Round "2"]
[White "Alekseev, Evgeny V"]
[Black "Al Habeeb, Emad"]
[Result "1-0"]
[WhiteElo "2616"]
[BlackElo "1933"]
[PlyCount "49"]
[EventDate "2017.12.29"]
[EventType "swiss (blitz)"]
[EventRounds "21"]
[EventCountry "SAU"]
[SourceTitle "CBM 182 Extra"]
[Source "ChessBase"]
[SourceDate "2018.02.23"]
[SourceVersion "1"]
[SourceVersionDate "2018.02.23"]
[SourceQuality "1"]

1. e4 e5 2. Nf3 Nc6 3. Bb5 Nf6 4. d3 d6 5. c3 Be7 6. 0-0 0-0 7. Re1 Bg4 8. h3 Bd7 9. Ba4 h6 10. Nbd2 Nh7 11. Nf1 f5 12. exf5 Bxf5 13. Ng3 Be6 14. d4 Bd7 15. dxe5 dxe5 16. Be3 Kh8 17. Bxc6 Bxc6 18. Nxe5 Qxd1 19. Ng6+ Kg8 20. Nxe7+ Kh8 21. Raxd1 Be8 22. Bd4 Nf6 23. Ngf5 Bf7 24. Bxf6 gxf6 25. Nxh6 1-0

[Event "Wch Blitz"]
[Site "Riadh"]
[Date "2017.12.29"]
[Round "1"]
[White "Dreev, Alexey"]
[Black "Al Habeeb, Emad"]
[Result "1-0"]
[WhiteElo "2653"]
[BlackElo "1933"]
[PlyCount "74"]
[EventDate "2017.12.29"]
[EventType "swiss (blitz)"]
[EventRounds "21"]
[EventCountry "SAU"]
[SourceTitle "CBM 182 Extra"]
[Source "ChessBase"]
[SourceDate "2018.02.23"]
[SourceVersion "1"]
[SourceVersionDate "2018.02.23"]
[SourceQuality "1"]

1. d4 Nf6 2. Nf3 g6 3. g3 Bg7 4. Bg2 0-0 5. 0-0 d6 6. b3 Bg4 7. Bb2 c6 8. Nbd2 Nbd7 9. h3 Bxf3 10. Nxf3 Qc7 11. c4 Rad8 12. Qc2 e5 13. e3 Qb6 14. dxe5 dxe5 15. Nxe5 Nxe5 16. Bxe5 Rfe8 17. Bd4 c5 18. Bc3 Rd7 19. Rad1 Red8 20. Bf3 Qe6 21. Kg2 b6 22. Rxd7 Rxd7 23. Re1 Ne8 24. Bd5 Qd6 25. Bxg7 Nxg7 26. Qc3 Ne6 27. Qf6 Qe7 28. Qxe7 Rxe7 29. Bxe6 Rxe6 30. Rd1 Re7 31. g4 Kg7 32. Rd6 h6 33. Kg3 Kf8 34. h4 Kg7 35. Kf4 f6 36. Kf3 Kf7 37. e4 Rc7 1-0

[Event "Wch Rapid"]
[Site "Riadh"]
[Date "2017.12.28"]
[Round "13"]
[White "Al Habeeb, Emad"]
[Black "Alem, Ali Hussien"]
[Result "0-1"]
[WhiteElo "1933"]
[BlackElo "1745"]
[PlyCount "65"]
[EventDate "2017.12.26"]
[EventType "swiss (rapid)"]
[EventRounds "15"]
[EventCountry "SAU"]
[SourceTitle "CBM 182 Extra"]
[Source "ChessBase"]
[SourceDate "2018.02.23"]
[SourceVersion "1"]
[SourceVersionDate "2018.02.23"]
[SourceQuality "1"]

1. d4 Nf6 2. c4 e5 3. dxe5 Ng4 4. Nf3 Nc6 5. Bf4 Bb4+ 6. Nbd2 Qe7 7. e3 Ngxe5 8. Nxe5 Nxe5 9. Be2 0-0 10. 0-0 d6 11. Nb3 Be6 12. Qc2 Ng6 13. Bg3 f5 14. Nd4 Bd7 15. Bf3 c6 16. Ne2 Ne5 17. Bxe5 dxe5 18. Nc3 Rf6 19. Rfd1 Rh6 20. Qb3 Be6 21. a3 Bd6 22. e4 Bc5 23. exf5 Bxf5 24. g3 Rf8 25. Na4 Bd4 26. Rd2 Qg5 27. Re2 b6 28. c5+ Be6 29. Qd3 b5 30. Nc3 Bc4 31. Qe4 Rf4 32. Qc2 Rxf3 33. Rd2 0-1

[Event "Wch Rapid"]
[Site "Riadh"]
[Date "2017.12.27"]
[Round "10"]
[White "Al Ghamdi, Ahmed M"]
[Black "Al Habeeb, Emad"]
[Result "1-0"]
[WhiteElo "2159"]
[BlackElo "1933"]
[PlyCount "77"]
[EventDate "2017.12.26"]
[EventType "swiss (rapid)"]
[EventRounds "15"]
[EventCountry "SAU"]
[SourceTitle "CBM 182 Extra"]
[Source "ChessBase"]
[SourceDate "2018.02.23"]
[SourceVersion "1"]
[SourceVersionDate "2018.02.23"]
[SourceQuality "1"]

1. e4 d6 2. d4 Nf6 3. Nc3 g6 4. f4 Bg7 5. Bd3 0-0 6. Nf3 Bg4 7. 0-0 e5 8. fxe5 dxe5 9. d5 Qd6 10. h3 Bxf3 11. Qxf3 a6 12. a3 Nbd7 13. b4 b5 14. Be3 Nh5 15. Ne2 Rae8 16. g4 Nhf6 17. Rac1 Nxd5 18. exd5 e4 19. Bxe4 Qe5 20. Ng3 Nf6 21. Bc5 Nxe4 22. Nxe4 Qxe4 23. Qxe4 Rxe4 24. Bxf8 Kxf8 25. Rf3 Bd4+ 26. Kf1 Bb2 27. Rd1 Ke7 28. Re1 Rxe1+ 29. Kxe1 Be5 30. Ke2 f6 31. Kd3 Bb2 32. Ke4 Kd6 33. c3 Ke7 34. Kd4 Bxa3 35. Kc5 Bc1 36. Kc6 g5 37. Kxc7 Bf4+ 38. Kc6 Be5 39. Rd3 1-0

[Event "Wch Rapid"]
[Site "Riadh"]
[Date "2017.12.27"]
[Round "6"]
[White "Masrahi, Abdulrahman A"]
[Black "Al Habeeb, Emad"]
[Result "1-0"]
[WhiteElo "1962"]
[BlackElo "1933"]
[PlyCount "155"]
[EventDate "2017.12.26"]
[EventType "swiss (rapid)"]
[EventRounds "15"]
[EventCountry "SAU"]
[SourceTitle "CBM 182 Extra"]
[Source "ChessBase"]
[SourceDate "2018.02.23"]
[SourceVersion "1"]
[SourceVersionDate "2018.02.23"]
[SourceQuality "1"]

1. d4 c5 2. c3 Nf6 3. Nf3 cxd4 4. cxd4 g6 5. Nc3 Bg7 6. Bf4 d6 7. h3 0-0 8. e3 Nc6 9. Be2 Qb6 10. Qc1 Bf5 11. 0-0 Rac8 12. Rd1 Ne4 13. Bd3 Nxc3 14. bxc3 Bxd3 15. Rxd3 Nb4 16. Rd2 Nd5 17. Rc2 Nxf4 18. exf4 Rc7 19. Rb1 Qa6 20. Qe3 e6 21. Rb3 Rfc8 22. Qe4 d5 23. Qe3 Qd6 24. Rcb2 b6 25. Rc2 Bh6 26. g3 Bf8 27. Ne5 b5 28. Rxb5 Qa3 29. Rb3 Qa4 30. Qe2 a6 31. Qd3 f6 32. Nf3 Rc4 33. Rb6 Kf7 34. Qe2 R8c6 35. Rxc6 Rxc6 36. Qd3 Bd6 37. Rb2 Qa3 38. Rc2 Bb4 39. Nd2 Rxc3 40. Rxc3 Qxc3 41. Qxc3 Bxc3 42. Nf3 Ke7 43. Kf1 Kd6 44. Ke2 Kc6 45. Kd3 Bb4 46. Kc2 Kb5 47. Kb3 Ba5 48. a4+ Kc6 49. g4 Bc7 50. g5 Bd8 51. h4 fxg5 52. Ne5+ Kc7 53. fxg5 Be7 54. f4 Bd6 55. Nd3 a5 56. Kc2 Kd8 57. Kd2 Ke7 58. Ke3 Ba3 59. Ne5 Bb4 60. Kd3 Be1 61. Ke2 Bxh4 62. Nc6+ Kd6 63. Nxa5 Bg3 64. Kf3 Be1 65. Nb3 Bc3 66. Ke2 Bb4 67. Kd3 Be1 68. a5 Bg3 69. Ke3 Be1 70. a6 Kc7 71. Nc5 Kb6 72. Nxe6 Kxa6 73. Nc7+ Kb7 74. Nxd5 Kc6 75. Nf6 Kd6 76. Nxh7 Bc3 77. Ke4 Bb4 78. Nf8 1-0

[Event "Wch Rapid"]
[Site "Riadh"]
[Date "2017.12.26"]
[Round "5"]
[White "Al Habeeb, Emad"]
[Black "Khenkin, Igor"]
[Result "0-1"]
[WhiteElo "1933"]
[BlackElo "2554"]
[PlyCount "78"]
[EventDate "2017.12.26"]
[EventType "swiss (rapid)"]
[EventRounds "15"]
[EventCountry "SAU"]
[SourceTitle "CBM 182 Extra"]
[Source "ChessBase"]
[SourceDate "2018.02.23"]
[SourceVersion "1"]
[SourceVersionDate "2018.02.23"]
[SourceQuality "1"]

1. d4 d5 2. Nf3 c6 3. g3 Bf5 4. Bg2 e6 5. 0-0 Nd7 6. Nh4 Bg4 7. Nd2 Be7 8. Nhf3 Ngf6 9. c4 0-0 10. Qc2 Bf5 11. Qb3 Qb6 12. Qxb6 axb6 13. Nh4 Bc2 14. Re1 Bb4 15. cxd5 exd5 16. Nhf3 Rfe8 17. e3 Ne4 18. a3 Ndf6 19. Re2 Bd1 20. Re1 Bxf3 21. Nxf3 Bxe1 22. Nxe1 b5 23. Nd3 Nd7 24. f3 Nd6 25. Kf2 Rac8 26. Bh3 f5 27. Nc5 Nf6 28. b4 g6 29. Bf1 Re7 30. Bd2 Nc4 31. Bxc4 dxc4 32. Re1 b6 33. Na6 Ra8 34. Bc1 Rxa6 35. Bb2 c3 36. Bxc3 Rxa3 37. Rc1 Nd5 38. Bd2 Ra2 39. Ke1 Nxe3 0-1

[Event "Olympiad-42"]
[Site "Baku"]
[Date "2016.09.11"]
[Round "9.3"]
[White "Al Habeeb, Emad"]
[Black "Yamada, Kohei"]
[Result "0-1"]
[WhiteElo "2030"]
[BlackElo "2100"]
[PlyCount "56"]
[EventDate "2016.09.02"]
[EventType "team-swiss"]
[EventRounds "11"]
[EventCountry "AZE"]
[SourceTitle "CBM 175"]
[Source "ChessBase"]
[SourceDate "2016.11.10"]
[SourceVersion "1"]
[SourceVersionDate "2016.11.10"]
[SourceQuality "1"]
[WhiteTeam "Saudi Arabia"]
[BlackTeam "Japan"]
[WhiteTeamCountry "SAU"]
[BlackTeamCountry "JPN"]

1. Nf3 Nf6 2. d4 d5 3. g3 e6 4. Bg2 Be7 5. 0-0 0-0 6. c4 dxc4 7. a4 c5 8. Qc2 cxd4 9. Qxc4 Nc6 10. Rd1 e5 11. e3 Be6 12. Qb5 a6 13. Qf1 Bb3 14. Rd2 Qb6 15. exd4 exd4 16. Qd3 Rad8 17. Re2 Be6 18. Ne1 Nb4 19. Qd2 d3 20. Re5 Ng4 21. a5 Qc7 22. Re4 Bc5 23. Rf4 Nxf2 24. Rxf2 Nc2 25. Ra4 Nxe1 26. Qxe1 Bxf2+ 27. Qxf2 Qxc1+ 28. Bf1 Qxb1 0-1

[Event "Olympiad-42"]
[Site "Baku"]
[Date "2016.09.04"]
[Round "3.3"]
[White "Benschop, Jomar"]
[Black "Al Habeeb, Emad"]
[Result "1/2-1/2"]
[WhiteElo "1670"]
[BlackElo "2030"]
[PlyCount "87"]
[EventDate "2016.09.02"]
[EventType "team-swiss"]
[EventRounds "11"]
[EventCountry "AZE"]
[SourceTitle "CBM 175"]
[Source "ChessBase"]
[SourceDate "2016.11.10"]
[SourceVersion "1"]
[SourceVersionDate "2016.11.10"]
[SourceQuality "1"]
[WhiteTeam "Aruba"]
[BlackTeam "Saudi Arabia"]
[WhiteTeamCountry "ARN"]
[BlackTeamCountry "SAU"]

1. e4 d6 2. d4 Nd7 3. Nf3 e5 4. dxe5 dxe5 5. Bc4 Qe7 6. b3 Qc5 7. 0-0 Be7 8. Ba3 Qa5 9. Bxe7 Nxe7 10. Ng5 0-0 11. Nxf7 Rxf7 12. Qh5 Ng6 13. Bxf7+ Kxf7 14. f4 Qc5+ 15. Kh1 Nf6 16. fxe5 Qxe5 17. Qxe5 Nxe5 18. Nd2 Be6 19. Nf3 Nxf3 20. gxf3 Bh3 21. Rfd1 Ke6 22. Rd3 g6 23. Kg1 Rf8 24. Re1 Nh5 25. Red1 Rf7 26. Kf2 Nf4 27. Kg3 g5 28. Rd8 h5 29. Re8+ Kf6 30. e5+ Kg6 31. Rdd8 h4+ 32. Kf2 Ne6 33. Rg8+ Kf5 34. Ra8 Kxe5 35. Ke3 Bg2 36. Rxg5+ Rf5 37. Rxf5+ Kxf5 38. Rxa7 b6 39. b4 Bf1 40. a4 Ke5 41. a5 bxa5 42. Rxa5+ Kd6 43. Kf2 Bh3 44. Rh5 1/2-1/2

[Event "Olympiad-41"]
[Site "Tromsoe"]
[Date "2014.08.14"]
[Round "11.2"]
[White "Al Habeeb, Emad"]
[Black "Mucongoma, Miguel Jose Maconi"]
[Result "0-1"]
[WhiteElo "2044"]
[BlackElo "2194"]
[PlyCount "98"]
[EventDate "2014.08.02"]
[EventType "team-swiss"]
[EventRounds "11"]
[EventCountry "NOR"]
[SourceTitle "CBM 162"]
[Source "ChessBase"]
[SourceDate "2014.09.17"]
[SourceVersion "1"]
[SourceVersionDate "2014.09.17"]
[SourceQuality "1"]
[WhiteTeam "Saudi Arabia"]
[BlackTeam "Mozambique"]
[WhiteTeamCountry "SAU"]
[BlackTeamCountry "MOZ"]

1. d4 Nf6 2. c4 e6 3. Nc3 b6 4. e4 Bb7 5. Bd3 d5 6. cxd5 exd5 7. e5 Ne4 8. Nge2 Nxc3 9. bxc3 Be7 10. Qc2 h6 11. 0-0 0-0 12. f4 c5 13. Qd1 Nc6 14. Be3 f5 15. Ng3 g6 16. Nxf5 Rxf5 17. Bxf5 gxf5 18. Qh5 Qf8 19. Rf3 Nd8 20. Rg3+ Kh7 21. Rf1 Qf7 22. Qe2 Ne6 23. Rh3 a5 24. Rff3 Rg8 25. Qb2 cxd4 26. cxd4 Bd8 27. Qb1 Ba6 28. Rfg3 Rxg3 29. Rxg3 Bc4 30. a4 Ng7 31. Bc1 Qd7 32. Ba3 Qf7 33. Rf3 Ne6 34. Bb2 Be2 35. Rf2 Bh5 36. Qc2 Ng7 37. Qc8 Qe8 38. g3 Bd1 39. Qb7 Bb3 40. Qa8 Be7 41. Qb7 Bc4 42. Qxb6 Qxa4 43. Qa7 Bb4 44. h4 Qd1+ 45. Kh2 Be1 46. Rg2 Bf1 47. Qb7 Bxg2 48. Kxg2 Qe2+ 49. Kg1 Bxg3 0-1

[Event "Olympiad-41"]
[Site "Tromsoe"]
[Date "2014.08.10"]
[Round "8.2"]
[White "Ho, Hou Meng"]
[Black "Al Habeeb, Emad"]
[Result "0-1"]
[WhiteElo "1910"]
[BlackElo "2044"]
[PlyCount "160"]
[EventDate "2014.08.02"]
[EventType "team-swiss"]
[EventRounds "11"]
[EventCountry "NOR"]
[SourceTitle "CBM 162"]
[Source "ChessBase"]
[SourceDate "2014.09.17"]
[SourceVersion "1"]
[SourceVersionDate "2014.09.17"]
[SourceQuality "1"]
[WhiteTeam "Macau"]
[BlackTeam "Saudi Arabia"]
[WhiteTeamCountry "MAC"]
[BlackTeamCountry "SAU"]

1. d4 Nf6 2. c4 e6 3. Nf3 d5 4. g3 Bb4+ 5. Bd2 Be7 6. Bg2 Nc6 7. Qb3 0-0 8. 0-0 Re8 9. Bc3 b6 10. Nbd2 Rb8 11. Ne5 Bb7 12. Rfd1 dxc4 13. Ndxc4 Nd5 14. Nxc6 Bxc6 15. Ne5 Ba8 16. Rac1 Bf8 17. Be1 a5 18. a3 Rc8 19. Rd2 Qg5 20. h4 Qf6 21. e3 Bd6 22. Nc6 Bxc6 23. Rxc6 Red8 24. Rc1 Qh6 25. e4 Ne7 26. Rdc2 e5 27. Bd2 Qg6 28. d5 h6 29. Be3 Kh8 30. Qd3 Rb8 31. Kh2 f5 32. exf5 Nxf5 33. Be4 Rf8 34. Rg1 Qh5 35. Qe2 Qf7 36. Rc3 Nxe3 37. fxe3 Qf2+ 38. Rg2 Qf6 39. Rc2 Bc5 40. h5 Qg5 41. Rc3 Rbd8 42. Bf3 Qf5 43. Bg4 Qe4 44. Be6 Rf3 45. Rc4 Qxe3 46. Qxe3 Rxe3 47. Rgc2 Bd6 48. R4c3 Re1 49. Kg2 Rf8 50. Rf3 Rf6 51. Rcf2 Be7 52. Rf1 Re2+ 53. R1f2 Re4 54. Rc3 Rxf2+ 55. Kxf2 Bc5+ 56. Kf3 Re1 57. Bf5 Kg8 58. Rc2 Re3+ 59. Kg2 Kf8 60. Be6 Re1 61. b4 axb4 62. axb4 Bd6 63. Rf2+ Ke8 64. Rf7 Rc1 65. b5 Bf8 66. Rf5 Rc5 67. Rf7 Rc3 68. Rf5 e4 69. g4 Bd6 70. Kf1 Rg3 71. Rf7 Be5 72. Rf5 Bf6 73. Rf4 e3 74. Ke2 Bg5 75. Re4 Rg2+ 76. Kd3 Rd2+ 77. Kc3 Ke7 78. Bg8+ Kd6 79. Re6+ Kc5 80. Rc6+ Kxb5 0-1

[Event "Olympiad-41"]
[Site "Tromsoe"]
[Date "2014.08.08"]
[Round "6.2"]
[White "Kobler, Mario"]
[Black "Al Habeeb, Emad"]
[Result "1-0"]
[WhiteElo "2113"]
[BlackElo "2044"]
[PlyCount "85"]
[EventDate "2014.08.02"]
[EventType "team-swiss"]
[EventRounds "11"]
[EventCountry "NOR"]
[SourceTitle "CBM 162"]
[Source "ChessBase"]
[SourceDate "2014.09.17"]
[SourceVersion "1"]
[SourceVersionDate "2014.09.17"]
[SourceQuality "1"]
[WhiteTeam "Liechtenstein"]
[BlackTeam "Saudi Arabia"]
[WhiteTeamCountry "LIE"]
[BlackTeamCountry "SAU"]

1. c4 e6 2. Nf3 Nf6 3. g3 d5 4. d4 Bb4+ 5. Bd2 Bxd2+ 6. Nbxd2 Nc6 7. Bg2 Ne4 8. 0-0 0-0 9. Rc1 f5 10. e3 Qe7 11. a3 a5 12. Ne1 Bd7 13. Nd3 Be8 14. Nf4 g5 15. cxd5 Nxd4 16. Nxe4 gxf4 17. Qxd4 fxe4 18. Qxe4 fxe3 19. Qxe3 e5 20. Rfe1 Qf6 21. Rxc7 Bg6 22. Bh3 Bf5 23. Bxf5 Qxf5 24. Re7 Rae8 25. d6 b5 26. Rxe8 Rxe8 27. Qb3+ Qe6 28. Qxb5 Rd8 29. Qxe5 Qxd6 30. Qg5+ Kf7 31. Qxa5 Rb8 32. b4 Qd4 33. Qe5 Qxe5 34. Rxe5 Rc8 35. Ra5 Kg7 36. b5 Rc3 37. b6 Kf6 38. Rb5 Rc8 39. b7 Rb8 40. Rb6+ Ke7 41. Rh6 Kf7 42. a4 Kg7 43. Rb6 1-0